El Palin: juego tradicional de la cultura Mapuche
Spremljeno u:
| Glavni autor: | |
|---|---|
| Format: | Knjiga |
| Jezik: | španjolski engleski |
| Izdano: |
Valparaíso
Ediciones Universitarias
2011
|
| Izdanje: | 1a. ed |
| Teme: | |
| Oznake: |
Dodaj oznaku
Bez oznaka, Budi prvi tko označuje ovaj zapis!
|
MARC
| LEADER | 00000cam a2200000 a 4500 | ||
|---|---|---|---|
| 001 | UCG7766 | ||
| 003 | CL-VaPUC | ||
| 005 | 20240617094124.0 | ||
| 008 | 110909e20110000CL |||||||||||||||||spa|d | ||
| 999 | |c 345533 |d 345531 | ||
| 020 | |a 9789561704930 | ||
| 040 | |c Pontificia Universidad Católica de Valparaíso | ||
| 041 | 0 | 7 | |a spa |2 CL-VaPUC |
| 041 | 0 | 7 | |a eng |2 CL-VaPUC |
| 082 | 0 | 4 | |a 796.358 |b LOP |2 21 |
| 100 | |a López von Vriessen, Carlos |e autor |9 583787 | ||
| 245 | 1 | 3 | |a El Palin: juego tradicional de la cultura Mapuche |
| 250 | |a 1a. ed | ||
| 260 | |a Valparaíso |b Ediciones Universitarias |c 2011 | ||
| 300 | |a 361 p | ||
| 583 | |a last modification |c 20170809 04:01:40 |k Rodrigo Vera | ||
| 600 | 0 | 7 | |a MAPUCHE |2 CL-VaPUC |9 476051 |
| 650 | 0 | |a Deportes |9 224367 | |
| 650 | 7 | |a PALIN |2 CL-VaPUC |9 558304 | |
| 650 | 0 | |a Folklore chileno |2 CL-VaPUC |9 265536 |z arauco | |
| 650 | 0 | |a Juegos |9 243060 | |
| 942 | |c BK |2 ddc | ||
| 945 | |d 20110909 00:00:00 |a dcastane | ||
| 952 | |0 0 |1 0 |4 0 |6 796_358000000000000_LOP_2011 |7 0 |8 X |9 444385 |a FDOBUD |b FDOBUD |d 2019-11-22 |i 479091K |o 796.358 LOP 2011 |p 479091K |r 2019-11-22 |w 2019-11-22 |y BK_X |k FHP | ||
| 952 | |0 0 |1 0 |4 0 |6 796_358000000000000_LOP_2011 |7 0 |8 A |9 444386 |a BIBART |b BIBART |d 2019-11-22 |i 4791088 |o 796.358 LOP 2011 |p 4791088 |r 2025-03-13 |w 2019-11-22 |y BK |k ART | ||
| 952 | |0 0 |1 0 |4 0 |6 796_358000000000000_LOP_2011 |7 0 |8 A |9 444387 |a BIBING |b BIBING |d 2019-11-22 |i 479107K |o 796.358 LOP 2011 |p 479107K |r 2025-01-20 |w 2019-11-22 |y BK |k ING | ||
| 952 | |0 0 |1 0 |4 0 |6 796_358000000000000_LOP_2011 |7 0 |8 A |9 444388 |a BIBARQ |b BIBARQ |d 2019-11-22 |i 4791061 |l 3 |o 796.358 LOP 2011 |p 4791061 |r 2025-01-20 |s 2024-09-05 |w 2019-11-22 |y BK |k ARQ | ||
| 952 | |0 0 |1 0 |4 0 |6 796_358000000000000_LOP_2011 |7 0 |8 X |9 444389 |a FDOMLP |b FDOMLP |d 2019-11-22 |i 4791053 |o 796.358 LOP 2011 |p 4791053 |r 2019-11-22 |w 2019-11-22 |y BK_X |k BU2 | ||
| 952 | |0 0 |1 0 |4 0 |6 796_358000000000000_LOP_2011 |7 0 |8 C |9 444390 |a BIBCUR |b BIBCUR |d 2019-11-22 |i 4791045 |l 2 |o 796.358 LOP 2011 |p 4791045 |r 2025-04-22 |s 2024-10-09 |w 2019-11-22 |y BK |k DEN | ||
| 952 | |0 0 |1 0 |4 0 |6 796_358000000000000_LOP_2011 |7 0 |8 A |9 444392 |a BIBEDU |b BIBEDU |d 2019-11-22 |i 4791029 |o 796.358 LOP 2011 |p 4791029 |r 2019-11-22 |w 2019-11-22 |y BK |k EFI | ||
| 952 | |0 0 |1 0 |3 erb |4 0 |6 796_358000000000000_LOP_2011 |7 0 |8 A |9 444393 |a BIBAGR |b BIBAGR |d 2019-11-22 |i 5018919 |l 1 |o 796.358 LOP 2011 |p 5018919 |r 2025-03-28 |s 2025-03-28 |w 2019-11-22 |y BK |z Catalogado en:20131018 |k AGR | ||
| 952 | |0 0 |1 0 |3 erb |4 0 |6 796_358000000000000_LOP_2011 |7 0 |8 A |9 444394 |a BIBEDU |b BIBEDU |i 5257018 |l 2 |o 796.358 LOP 2011 |p 5257018 |r 2024-09-05 |s 2024-09-05 |w 2019-11-22 |y BK |z Catalogado en:20151218 |k EFI | ||
| 952 | |0 0 |1 0 |3 erb |4 0 |6 796_358000000000000_LOP_2011 |7 0 |8 A |9 444395 |a BIBEDU |b BIBEDU |i 5257026 |o 796.358 LOP 2011 |p 5257026 |r 2019-11-22 |w 2019-11-22 |y BK |z Catalogado en:20151218 |k EFI | ||
| 952 | |0 0 |1 0 |3 erb |4 0 |6 796_358000000000000_LOP_2011 |7 0 |8 A |9 444396 |a BIBEDU |b BIBEDU |i 5257034 |l 1 |m 1 |o 796.358 LOP 2011 |p 5257034 |q 2023-07-31 |r 2021-11-15 |s 2021-11-15 |w 2019-11-22 |y BK |z Catalogado en:20151218 |k EFI | ||
| 952 | |0 0 |1 0 |3 erb |4 0 |6 796_358000000000000_LOP_2011 |7 0 |8 A |9 444397 |a BIBEDU |b BIBEDU |i 5257042 |l 1 |o 796.358 LOP 2011 |p 5257042 |r 2024-07-03 |s 2024-06-26 |w 2019-11-22 |y BK |z Catalogado en:20151218 |k EFI | ||
| 952 | |0 0 |1 0 |3 erb |4 0 |6 796_358000000000000_LOP_2011 |7 0 |8 A |9 444398 |a BIBEDU |b BIBEDU |i 5257050 |o 796.358 LOP 2011 |p 5257050 |r 2019-11-22 |w 2019-11-22 |y BK |z Catalogado en:20151218 |k EFI | ||